On This Day (May 9th) Multiple Choice - Statistics

General Stats
  • This quiz has been taken 6 times
  • The average score is 4 of 15
Answer Stats
Question Answer % Correct
1671 – Thomas Blood, disguised as a clergyman, attempts to steal what from the Tower of London ? Crown Jewels
100%
1941 – World War II: The German submarine U-110 is captured by the Royal Navy. What was on board ? Enigma Machine
100%
2002 – The 38-day stand-off in the Church of the Nativity comes to an end in which Israeli town ? Bethlehem
50%
1726 – Five men arrested during a raid on Mother Clap's molly house in London are executed at Tyburn. What was a "Molly House" ? Meeting Place for Homosexuals
50%
1874 – The first horsebus makes its début in which city ? Mumbai
50%
1860 – J. M. Barrie, Scottish novelist and playwright is born. He is best known for the creation of which character ? Peter Pan
50%
1977 – Hotel Polen fire: A disastrous fire burns down the Hotel Polen causing 33 deaths and 21 severe injuries in which city ? Amsterdam
0%
1945 – World War II: The German occupation of where comes to an end ? Channel Islands
0%
Today is celebrated as the "Anniversary of Dianetics" by which church ? Church of Scientology
0%
1904 – The steam locomotive "City of Truro" becomes the first steam engine in Europe to do what ? Exceed 100 mph
0%
1887 – Buffalo Bill Cody's Wild West Show opens in which city ? London
0%
1662 – The figure who later became which character makes his first recorded appearance in England ? Mr. Punch
0%
1386 – England and which country formally ratify their alliance with the signing of the Treaty of Windsor, making it the oldest diplomatic alliance in the world which is still in force ? Portugal
0%
1980 – Liberian freighter MV Summit Venture collides with the Sunshine Skyway Bridge over which body of water ? Tampa Bay
0%
1958 – Which Alfred Hitchcock film has it's world premiere in San Francisco ? Vertigo
0%
No matching quizzes found
Score Distribution
Percent of People with Each Score
Percentile by Number Answered
Your Score History
You have not taken this quiz